00587nam a2200133 a 4500008004100000050002300041100001900064245017300083260003900256300003300295650002600328650005200354650004700406220301s2019 ||||||||||||||||| || u a CBU-PG THESIS/SIV aSivwimi, Jean 14aThe effect of Corporate Social Responsibility on Customer Loyalty among Public Bus users in Luanshya Town: The mediating role of Customers SatisfactioncBy Jean Sivwimi aKitwebCopperbelt Universityc2019 ax, 108 Pages : illustrations aCUSTOMER SATISFACTION aCUSTOMER LOYALTY - PUBLIC BUS USERS IN LUANSHYA aCORPORATE SOCIAL RESPONSIBILITY--PRACTICES